Żałoby narodowe w Polsce XXI wieku - Statystyki

Ogólne statystyki
  • Ten quiz został rozwiązany 261 razy
  • Średni wynik to 9 z 18
Statystyki odpowiedzi
Dni Powód Zmarli Polacy % Poprawnych
3-8 kwietnia 2005 Śmierć papieża {Jana Pawła II} 1 Polak (papież)
89%
10-18 kwietnia 2010 Katastrofa lotnicza pod {Smoleńskiem} 96 Polaków (w tym prezydent)
87%
26 kwietnia 2025 Śmierć papieża {Franciszka} brak Polaków
84%
12-14 września 2001 Zamach na {World Trade Center} 5 Polaków
81%
5 stycznia 2005 Trzęsienie ziemi na Oceanie {Indyjskim} 1 Polak
80%
18-19 stycznia 2019 Zabójstwo prezydenta Gdańska P. {Adamowicza} 1 Polak (prezydent)
70%
3 listopada 2013 Śmierć premiera III RP T. {Mazowieckiego} 1 Polak (premier)
67%
5-6 marca 2012 Katastrofa kolejowa pod {Szczekocinami} 14 Polaków
48%
21-22 września 2009 Katastrofa górnicza w kopalni {Wujek}-Ruch Śląsk 20 Polaków (wtedy 13)
45%
14 lipca 2005 Zamach w {Londynie} 3 Polaków
41%
12-13 marca 2004 Zamach w {Madrycie} 4 Polaków
38%
15-16 lutego 2019 Śmierć byłego premiera J. {Olszewskiego} 1 Polak (premier)
31%
23-25 lipca 2007 Katastrofa polskiego autokaru we {Francji} 26 Polaków
30%
23-25 listopada 2006 Katastrofa górnicza w kopalni {Halemba} 23 Polaków
19%
29 stycznia-1 lutego 2006 Katastrofa budowlana na {Śląsku} 55 Polaków
17%
14-16 kwietnia 2009 Pożar hotelu socjalnego w {Kamieniu Pomorskim} 23 Polaków
12%
24-26 stycznia 2008 Katastrofa lotnicza w {Mirosławcu} 19 Polaków
11%
23 grudnia 2018 Katastrofa górnicza w {Stonawie} 12 Polaków
3%
Nie znaleziono quizów pasujących do podanych kryteriów
Rozkład punktacji
Procent ludzi z każdym wynikiem
Percentyl według liczby udzielonych odpowiedzi
Twoja historia wyników
Nie rozwiązałeś tego quizu